00613cam a2200193ua 45000010005000000080039000050400009000440820010000531000025000632450078000882500009001662600034001753000022002096530014002316530045002459420007002909990015002979520107003121997110806n ii |||gr||||Z||||||eng cMAIN a370.1 aKar, B. C.,eAuthor.1 aEducation : ba study of its principles and psychology / cby B. C. Kar  a1st. aGuahati:bNew Book Stall,968. avii; 318p:c23cm. aEducation aa study of its principles and psychology cBK c1869d1869 00104070aMAINbMAINcGENd2020-09-19l0o370.1 | KARp11109r2020-09-19 00:00:00t1w2020-09-19yBK